=LDR 00000nam 2200000 4500 =001 INLIS000000000019226 =005 20130612114321 =008 ***********************************Ind** =035 ##$$0010-061300000019226 =041 ##$$a Ind =082 ##$$a R.920 =090 ##$$a R.920, Buk b =245 ##$$a Buku pintar 33 wanita terbinal paling berpengaruh di dunia ; editor, Margaret Nicholas =260 ##$$a 2002 $b Jakarta =300 ##$$a v, 204 hlm, ilus, 22 cm =650 ##$$a Wanita-Biografi =850 ##$$a NBPNMAT